Normal view
MARC view
Entry Topical Term
001 - CONTROL NUMBER
- control field: 55069
003 - CONTROL NUMBER IDENTIFIER
- control field: OSt
005 - DATE AND TIME OF LATEST TRANSACTION
- control field: 20160504111559.0
008 - FIXED-LENGTH DATA ELEMENTS
- fixed length control field: 160504|| aca||aabn | a|a d
040 ## - CATALOGING SOURCE
- Original cataloging agency: OSt
- Transcribing agency: OSt
150 ## - HEADING--TOPICAL TERM
- Topical term or geographic name entry element: साहित्य अलोचना
670 ## - SOURCE DATA FOUND
- Source citation: Work cat.: (OSt)45193: मिश्र विधानिवास 41124, कालिदास से साक्षात्कार , 2010









